[Event "NED-ch U15 Girls"]
[Site "Venlo"]
[Date "2009.04.27"]
[Round "4"]
[White "Verheul, Bente"]
[Black "Sanders, Catheleijne"]
[Result "1/2-1/2"]
[WhiteElo "1445"]
[BlackElo "1484"]
[PlyCount "48"]
[EventDate "2009.04.24"]
[EventType "swiss"]
[EventRounds "9"]
[EventCountry "NED"]
[SourceTitle "EXT 2013"]
[Source "ChessBase"]
[SourceDate "2012.11.22"]
[SourceVersion "1"]
[SourceVersionDate "2012.11.22"]
[SourceQuality "1"]

1. e4 e5 2. Nf3 Nc6 3. d4 exd4 4. Nxd4 Nxd4 5. Qxd4 d6 6. Nc3 Nf6 7. g3 Be7 8. Bg2 0-0 9. 0-0 Be6 10. Bg5 Qd7 11. Rfe1 h6 12. Bd2 Bh3 13. Bh1 Qg4 14. Rad1 Nh5 15. Qe3 Bg5 16. Qf3 Qxf3 17. Bxf3 Bxd2 18. Rxd2 Nf6 19. Nd5 Nxd5 20. exd5 Rfe8 21. Rde2 Kf8 22. Bg2 Bf5 23. Be4 Bh3 24. Bg2 Bf5 1/2-1/2

[Event "Groningen Compact op-D"]
[Site "Groningen"]
[Date "2008.12.30"]
[Round "5"]
[White "Moeller, Wolfgang"]
[Black "Verheul, Bente"]
[Result "0-1"]
[WhiteElo "1490"]
[BlackElo "1450"]
[PlyCount "46"]
[EventDate "2008.12.26"]
[EventType "swiss"]
[EventRounds "5"]
[EventCountry "NED"]
[SourceTitle "CBM 127 Extra"]
[Source "ChessBase"]
[SourceDate "2009.01.08"]
[SourceVersion "2"]
[SourceVersionDate "2009.01.28"]
[SourceQuality "1"]

1. Nf3 d6 2. d4 Nf6 3. c4 e6 4. Nc3 Be7 5. e4 Nbd7 6. Bd3 b6 7. 0-0 Bb7 8. h3 c5 9. d5 exd5 10. exd5 0-0 11. Bf4 a6 12. Qc2 Re8 13. Rfe1 Qc7 14. Re2 Bf8 15. Rae1 g6 16. g4 Bg7 17. g5 Rxe2 18. Rxe2 Nh5 19. Bh2 Ne5 20. Nd2 Bc8 21. f4 Nxd3 22. Qxd3 Bf5 23. Qe3 Bd4 0-1

[Event "NED-ch U15 Girls"]
[Site "Venlo"]
[Date "2008.05.02"]
[Round "8"]
[White "Schut, Lisa"]
[Black "Verheul, Bente"]
[Result "1-0"]
[WhiteElo "2033"]
[BlackElo "1401"]
[PlyCount "51"]
[EventDate "2008.04.28"]
[EventType "swiss"]
[EventRounds "9"]
[EventCountry "NED"]
[SourceTitle "CBM 123 Extra"]
[Source "ChessBase"]
[SourceDate "2008.05.06"]
[SourceVersion "1"]
[SourceVersionDate "2008.05.06"]
[SourceQuality "1"]

1. e4 c5 2. Nf3 Nc6 3. d4 cxd4 4. Nxd4 Nf6 5. Nc3 e5 6. Ndb5 d6 7. Bg5 a6 8. Na3 b5 9. Bxf6 gxf6 10. Nd5 f5 11. c3 Be6 12. exf5 Bxf5 13. Qf3 Bd7 14. Nf6+ Ke7 15. Bd3 h6 16. Be4 Rc8 17. Nxd7 Qxd7 18. Bf5 Qc7 19. Bxc8 Qxc8 20. Nc2 Bg7 21. Ne3 Kd8 22. 0-0-0 Kc7 23. Qxf7+ Qd7 24. Nd5+ Kd8 25. Qg6 Rf8 26. Nb6 1-0

[Event "NED-ch U15 Girls"]
[Site "Venlo"]
[Date "2008.04.29"]
[Round "3"]
[White "Snikkers, Tabitha"]
[Black "Verheul, Bente"]
[Result "1/2-1/2"]
[WhiteElo "1503"]
[BlackElo "1401"]
[PlyCount "116"]
[EventDate "2008.04.28"]
[EventType "swiss"]
[EventRounds "9"]
[EventCountry "NED"]
[SourceTitle "CBM 123 Extra"]
[Source "ChessBase"]
[SourceDate "2008.05.06"]
[SourceVersion "1"]
[SourceVersionDate "2008.05.06"]
[SourceQuality "1"]

1. d4 Nf6 2. c4 c5 3. d5 b5 4. cxb5 a6 5. bxa6 Bxa6 6. Nc3 g6 7. Bf4 d6 8. Qd2 Qb6 9. b3 Bg7 10. Rb1 0-0 11. Bh6 Nbd7 12. Bxg7 Kxg7 13. Nf3 Rfb8 14. g3 Qb4 15. Bg2 c4 16. 0-0 cxb3 17. Rxb3 Qc5 18. Qb2 Bc4 19. Rxb8 Rxb8 20. Qd2 Nxd5 21. Ne4 Qb5 22. Nd4 Qa6 23. Ra1 N7f6 24. Nxf6 Nxf6 25. Nc6 Re8 26. e3 d5 27. Ne5 Rc8 28. Nxc4 dxc4 29. Bf1 Qc6 30. Qc3 Kf8 31. Rc1 Qa4 32. Bxc4 e6 33. Qb3 Qxb3 34. axb3 Nd5 35. Kf1 Nb6 36. Ke2 Nxc4 37. bxc4 Rc5 38. h4 Ke7 39. Kd3 Kd6 40. Kd4 e5+ 41. Kc3 f5 42. Ra1 Kd7 43. Ra7+ Rc7 44. Rxc7+ Kxc7 45. f3 Kc6 46. Kd3 h5 47. e4 Kc5 48. f4 exf4 49. gxf4 fxe4+ 50. Kxe4 Kxc4 51. Ke5 Kd3 52. Kf6 Ke4 53. Kg5 Ke3 54. f5 gxf5 55. Kxf5 Kf3 56. Kg5 Ke4 57. Kg6 Kf4 58. Kxh5 Kf5 1/2-1/2

[Event "NED-ch U15 Girls"]
[Site "Venlo"]
[Date "2008.04.29"]
[Round "2"]
[White "Ter Schegget, Sanne"]
[Black "Verheul, Bente"]
[Result "1-0"]
[WhiteElo "1168"]
[BlackElo "1401"]
[PlyCount "87"]
[EventDate "2008.04.28"]
[EventType "swiss"]
[EventRounds "9"]
[EventCountry "NED"]
[SourceTitle "CBM 123 Extra"]
[Source "ChessBase"]
[SourceDate "2008.05.06"]
[SourceVersion "1"]
[SourceVersionDate "2008.05.06"]
[SourceQuality "1"]

1. e4 c5 2. f4 d5 3. e5 Bf5 4. Nf3 Nc6 5. Bb5 Qb6 6. Bxc6+ Qxc6 7. d4 e6 8. 0-0 Ne7 9. Be3 Bg4 10. dxc5 Nf5 11. Bf2 Bxc5 12. Qe2 0-0 13. c3 Rac8 14. h3 Ng3 15. Qe1 Bxf3 16. gxf3 Nxf1 17. Qxf1 Bxf2+ 18. Qxf2 Qc5 19. Qxc5 Rxc5 20. Kf2 f6 21. Nd2 fxe5 22. fxe5 Rf5 23. Re1 Kf7 24. Nb3 Rb5 25. Re2 Rh5 26. Nd4 Rb6 27. Kg3 Rg5+ 28. Kh4 Rg1 29. b3 h6 30. f4 g6 31. Rd2 Rc1 32. Ne2 Ke7 33. Nxc1 Rc6 34. Rd3 b5 35. Ne2 a5 36. Nd4 Rb6 37. Kg4 h5+ 38. Kg5 Kf7 39. Kh6 b4 40. cxb4 axb4 41. Rg3 Rb8 42. Rxg6 Rh8+ 43. Kg5 Re8 44. Rf6+ 1-0

[Event "NED-ch U15 Girls"]
[Site "Venlo"]
[Date "2008.04.28"]
[Round "1"]
[White "Verheul, Bente"]
[Black "Warmelink, Evie"]
[Result "0-1"]
[WhiteElo "1401"]
[BlackElo "1759"]
[PlyCount "94"]
[EventDate "2008.04.28"]
[EventType "swiss"]
[EventRounds "9"]
[EventCountry "NED"]
[SourceTitle "CBM 123 Extra"]
[Source "ChessBase"]
[SourceDate "2008.05.06"]
[SourceVersion "1"]
[SourceVersionDate "2008.05.06"]
[SourceQuality "1"]

1. e4 c5 2. Nf3 d6 3. d4 cxd4 4. Nxd4 Nf6 5. Nc3 e6 6. Be2 Be7 7. Be3 Nc6 8. 0-0 0-0 9. f4 Qc7 10. Bf3 Nxd4 11. Bxd4 e5 12. fxe5 dxe5 13. Bf2 Be6 14. Bg3 Rfd8 15. Qe1 Bb4 16. Kh1 Rac8 17. Rb1 Bxa2 18. Ra1 Bc4 19. Rf2 a6 20. Bh4 Rd6 21. Bxf6 Rxf6 22. Bg4 Bxc3 23. bxc3 Rxf2 24. Qxf2 Rd8 25. Re1 a5 26. Qa7 Ba6 27. Qe3 Qd6 28. Ra1 b6 29. Kg1 Qc6 30. Ra3 Qc4 31. Ra1 Rd6 32. Re1 Qc7 33. h3 a4 34. Ra1 b5 35. Be2 Rc6 36. Ra3 Qd6 37. c4 bxc4 38. Rxa4 h6 39. Ra1 Qd4 40. Qxd4 exd4 41. Kf2 Kf8 42. Rd1 Rd6 43. Bf3 Ke7 44. g3 Ke6 45. h4 Ke5 46. Ke2 Bb7 47. c3 Bxe4 0-1

[Event "NED-ch U13 Girls"]
[Site "Rijswijk"]
[Date "2007.05.19"]
[Round "9"]
[White "Thoma, Sophia"]
[Black "Verheul, Bente"]
[Result "1-0"]
[WhiteElo "1618"]
[BlackElo "1262"]
[PlyCount "65"]
[EventDate "2007.05.17"]
[EventType "swiss"]
[EventRounds "9"]
[EventCountry "NED"]
[SourceTitle "EXT 2009"]
[Source "ChessBase"]
[SourceDate "2008.11.26"]
[SourceVersion "1"]
[SourceVersionDate "2008.11.26"]
[SourceQuality "1"]

1. e4 e6 2. d4 c5 3. c3 cxd4 4. cxd4 d5 5. e5 Nc6 6. Nf3 Bb4+ 7. Nc3 Nge7 8. a3 Bxc3+ 9. bxc3 0-0 10. Bd3 Na5 11. 0-0 Nc4 12. Bxc4 dxc4 13. Rb1 Qa5 14. Qc2 a6 15. Ng5 Ng6 16. Bb2 b5 17. h4 h6 18. h5 hxg5 19. hxg6 f6 20. Qe4 Rb8 21. Qf3 fxe5 22. Qh5 Rf5 23. Qh7+ Kf8 24. Qh8+ Ke7 25. Qxg7+ Kd6 26. dxe5+ Rxe5 27. Rfd1+ Rd5 28. Qf8+ Kc6 29. Rxd5 exd5 30. g7 Be6 31. Qxb8 Qa4 32. Qe8+ Kd6 33. Re1 1-0

[Event "NED-ch U13 Girls"]
[Site "Rijswijk"]
[Date "2007.05.17"]
[Round "2"]
[White "Dalemans, Diana"]
[Black "Verheul, Bente"]
[Result "1-0"]
[WhiteElo "1591"]
[BlackElo "1262"]
[PlyCount "97"]
[EventDate "2007.05.17"]
[EventType "swiss"]
[EventRounds "9"]
[EventCountry "NED"]
[SourceTitle "EXT 2009"]
[Source "ChessBase"]
[SourceDate "2008.11.26"]
[SourceVersion "1"]
[SourceVersionDate "2008.11.26"]
[SourceQuality "1"]

1. e4 c5 2. Nf3 Nc6 3. d4 cxd4 4. Nxd4 Nf6 5. Nc3 e5 6. Ndb5 d6 7. Bg5 a6 8. Na3 b5 9. Nd5 Be7 10. Bxf6 Bxf6 11. c3 0-0 12. Nc2 Bg5 13. Nce3 Be6 14. Be2 Ne7 15. Nxe7+ Qxe7 16. Nd5 Qb7 17. 0-0 f5 18. Bf3 Bxd5 19. Qxd5+ Qxd5 20. exd5 e4 21. Be2 Rfc8 22. f4 Be7 23. a4 bxa4 24. Rxa4 a5 25. Rfa1 Bd8 26. b4 Rxc3 27. bxa5 Rc5 28. a6 Bb6 29. Kf1 Kf8 30. Rb4 Ba7 31. Rb5 Rxb5 32. Bxb5 Bc5 33. Bc6 Ra7 34. Bb7 Ke7 35. Ke2 g6 36. h3 h5 37. Rh1 h4 38. Rh2 Bg1 39. Rh1 Bc5 40. Rb1 Kf6 41. Rc1 Ke7 42. Rc3 Kf6 43. g3 g5 44. fxg5+ Kxg5 45. gxh4+ Kxh4 46. Rxc5 dxc5 47. d6 f4 48. d7 Kg3 49. d8Q 1-0

[Event "NED-ch U13 Girls"]
[Site "Rijswijk"]
[Date "2007.05.17"]
[Round "1"]
[White "Verheul, Bente"]
[Black "De Ridder, Naomi"]
[Result "1-0"]
[WhiteElo "1262"]
[BlackElo "982"]
[PlyCount "135"]
[EventDate "2007.05.17"]
[EventType "swiss"]
[EventRounds "9"]
[EventCountry "NED"]
[SourceTitle "EXT 2009"]
[Source "ChessBase"]
[SourceDate "2008.11.26"]
[SourceVersion "1"]
[SourceVersionDate "2008.11.26"]
[SourceQuality "1"]

1. e4 e5 2. Nf3 Nc6 3. d4 d6 4. dxe5 dxe5 5. Qxd8+ Nxd8 6. Nxe5 Nf6 7. Bd3 Bd6 8. Nf3 0-0 9. 0-0 Bg4 10. Nbd2 Ne6 11. e5 Be7 12. exf6 Bxf6 13. Ne4 Be7 14. Ne5 Bf5 15. Nc4 Rad8 16. Nf6+ Bxf6 17. Bxf5 Rd4 18. Bd3 Rfd8 19. Be3 R4d7 20. Rad1 b5 21. Nd2 Bxb2 22. Bxb5 Rd5 23. Bc4 Ra5 24. Nf3 Ra4 25. Bb3 Ra6 26. Rxd8+ Nxd8 27. Rd1 Nc6 28. Bd5 Ne7 29. Bb7 Rd6 30. Rxd6 cxd6 31. Bxa7 Kf8 32. Kf1 Ke8 33. Ke2 Nf5 34. Be4 g6 35. Bxf5 gxf5 36. Nd4 f4 37. Kf3 Ke7 38. Kxf4 Ba3 39. Nf5+ Ke6 40. g4 d5 41. Kg5 Bf8 42. Bd4 Kd7 43. Kf4 Ke6 44. Kf3 f6 45. Ne3 Bd6 46. h4 Be7 47. Ke2 h6 48. Nf5 Bf8 49. Kd3 Kf7 50. h5 Ke6 51. f4 Kf7 52. c4 Bb4 53. cxd5 Ba5 54. Nxh6+ Kg7 55. g5 Bd8 56. Bxf6+ Bxf6 57. Nf5+ Kh7 58. gxf6 Kg8 59. d6 Kf7 60. d7 Ke6 61. d8Q Kxf5 62. f7 Kxf4 63. f8R+ Ke5 64. Qe7+ Kd5 65. Rd8+ Kc6 66. Qd6+ Kb7 67. Rd7+ Kc8 68. Qc7# 1-0

[Event "NED-ch U13 Girls"]
[Site "Rijswijk"]
[Date "2007.05.17"]
[Round "3"]
[White "Verheul, Bente"]
[Black "Meng, Olivia"]
[Result "1-0"]
[WhiteElo "1262"]
[BlackElo "1192"]
[PlyCount "107"]
[EventDate "2007.05.17"]
[EventType "swiss"]
[EventRounds "9"]
[EventCountry "NED"]
[SourceTitle "EXT 2009"]
[Source "ChessBase"]
[SourceDate "2008.11.26"]
[SourceVersion "1"]
[SourceVersionDate "2008.11.26"]
[SourceQuality "1"]

1. e4 e5 2. Nf3 Nc6 3. d4 exd4 4. Nxd4 Bc5 5. Be3 Qf6 6. c3 Nge7 7. g3 d6 8. Bg2 0-0 9. 0-0 Be6 10. Qd2 d5 11. Nxc6 bxc6 12. Bxc5 Rfe8 13. Bxe7 Rxe7 14. Re1 dxe4 15. Bxe4 Ree8 16. Qc2 h6 17. Bxc6 Bf5 18. Be4 Qg6 19. f3 Rad8 20. Nd2 Qb6+ 21. Kg2 Bc8 22. Nb3 Qe6 23. Bh7+ Kh8 24. Rxe6 Rxe6 25. Bf5 Re7 26. Bxc8 Rxc8 27. Rd1 Rce8 28. Rd2 g6 29. Kf2 Kg7 30. Nd4 c5 31. Nc6 Re1 32. Nxa7 c4 33. Qa4 Kh7 34. Qxc4 Kg8 35. a4 R1e7 36. Nc6 Rc7 37. Qb5 Kg7 38. Rd8 Re6 39. Nd4 Rf6 40. a5 Re7 41. a6 Ra7 42. Qc5 g5 43. Qxa7 Kg6 44. Qb8 Kg7 45. Rg8+ Kh7 46. g4 Rg6 47. Rxg6 Kxg6 48. a7 Kf6 49. a8R Ke7 50. Qc7+ Kf6 51. Ra6+ Kg7 52. Nf5+ Kh8 53. Ra8+ Kh7 54. Qxf7# 1-0

[Event "NED-ch U15 Girls"]
[Site "Venlo"]
[Date "2007.05.04"]
[Round "7"]
[White "Verheul, Bente"]
[Black "Warmelink, Evie"]
[Result "0-1"]
[WhiteElo "1294"]
[BlackElo "1675"]
[PlyCount "98"]
[EventDate "2007.04.30"]
[EventType "swiss"]
[EventRounds "9"]
[EventCountry "NED"]
[SourceTitle "EXT 2009"]
[Source "ChessBase"]
[SourceDate "2008.11.26"]
[SourceVersion "1"]
[SourceVersionDate "2008.11.26"]
[SourceQuality "1"]

1. e4 c5 2. Nf3 d6 3. d4 cxd4 4. Nxd4 Nf6 5. Nc3 e6 6. Be2 Be7 7. Be3 Nc6 8. 0-0 0-0 9. Kh1 a6 10. f4 Nxd4 11. Bxd4 b5 12. Bf3 Bb7 13. Qd3 Qc7 14. Rac1 Nd7 15. Qe3 e5 16. fxe5 dxe5 17. Nd5 Bxd5 18. exd5 Bd6 19. Bc3 Rac8 20. Be4 Nc5 21. Bf5 Rcd8 22. Bb4 a5 23. Bxc5 Bxc5 24. Qd3 g6 25. Bh3 f5 26. b3 b4 27. Qc4 Qd6 28. Qb5 Qb6 29. Qxb6 Bxb6 30. g4 f4 31. Bg2 Be3 32. Rcd1 Rd6 33. Be4 Rc8 34. Kg2 Kf7 35. h4 Ke7 36. Kh3 Rc3 37. Kh2 Bd4 38. Rf3 Rxf3 39. Bxf3 Kf6 40. Be4 g5 41. h5 h6 42. Kg2 Ke7 43. Kf3 Rd8 44. Rd3 Kd6 45. Ke2 Rc8 46. Rf3 Be3 47. Kd1 Kc5 48. Rh3 Kd4 49. Ke1 Kxe4 0-1

[Event "NED-ch U15 Girls"]
[Site "Venlo"]
[Date "2007.05.03"]
[Round "6"]
[White "Verheul, Bente"]
[Black "Snikkers, Tabitha"]
[Result "1-0"]
[WhiteElo "1294"]
[BlackElo "1366"]
[PlyCount "107"]
[EventDate "2007.04.30"]
[EventType "swiss"]
[EventRounds "9"]
[EventCountry "NED"]
[SourceTitle "EXT 2009"]
[Source "ChessBase"]
[SourceDate "2008.11.26"]
[SourceVersion "1"]
[SourceVersionDate "2008.11.26"]
[SourceQuality "1"]

1. e4 c5 2. Nf3 d6 3. d4 cxd4 4. Nxd4 Nf6 5. Nc3 g6 6. Be3 Bg7 7. Be2 0-0 8. 0-0 Nc6 9. Kh1 Bd7 10. f4 Qc8 11. Nd5 Re8 12. Nxf6+ exf6 13. Bf3 f5 14. Nb5 Re6 15. Nxd6 Qc7 16. e5 Nxe5 17. fxe5 Bxe5 18. Nxb7 Bxh2 19. Nc5 Rxe3 20. Bxa8 Bc6 21. Bxc6 Qxc6 22. Kxh2 Qxc5 23. c3 Qe5+ 24. Kh1 Qe4 25. Qd8+ Kg7 26. Qd4+ Kh6 27. Qxe4 Rxe4 28. Rf3 Rg4 29. Re1 Kg5 30. Re7 h5 31. Rxf7 Re4 32. Rxa7 Kg4 33. Rg7 g5 34. Rd7 f4 35. Rd4 Re5 36. c4 h4 37. b4 Re2 38. a4 Ra2 39. a5 Rb2 40. b5 Rb4 41. a6 Ra4 42. Rb3 Ra2 43. b6 Rxa6 44. b7 Kh5 45. b8Q Rh6 46. Rd8 Kg4 47. Qc8+ Kh5 48. Rh8 Rxh8 49. Qxh8+ Kg4 50. Qc8+ Kh5 51. Rb7 f3 52. gxf3 Kg6 53. Qe6+ Kh5 54. Rh7# 1-0

[Event "NED-ch U15 Girls"]
[Site "Venlo"]
[Date "2007.05.01"]
[Round "2"]
[White "Dalemans, Diana"]
[Black "Verheul, Bente"]
[Result "1/2-1/2"]
[WhiteElo "1587"]
[BlackElo "1294"]
[PlyCount "52"]
[EventDate "2007.04.30"]
[EventType "swiss"]
[EventRounds "9"]
[EventCountry "NED"]
[SourceTitle "EXT 2009"]
[Source "ChessBase"]
[SourceDate "2008.11.26"]
[SourceVersion "1"]
[SourceVersionDate "2008.11.26"]
[SourceQuality "1"]

1. e4 c5 2. Nf3 Nc6 3. d4 cxd4 4. Nxd4 Nf6 5. Nc3 e5 6. Ndb5 d6 7. Bg5 a6 8. Na3 b5 9. Nd5 Be7 10. Bxf6 gxf6 11. c3 f5 12. exf5 Bxf5 13. Qf3 Be6 14. Nxe7 Nxe7 15. Qf6 Ng6 16. Qxd8+ Rxd8 17. Be2 0-0 18. Nc2 Nf4 19. g3 Nxe2 20. Kxe2 a5 21. Rhe1 Rfe8 22. Kd2 Kg7 23. b3 Kf6 24. Re3 Kg6 25. Rae1 Bf5 26. f4 f6 1/2-1/2

[Event "NED-ch U13 Girls"]
[Site "Rijswijk"]
[Date "2006.05.27"]
[Round "7"]
[White "Verheul, Bente"]
[Black "Koekkoek, Annette"]
[Result "1-0"]
[WhiteElo "1240"]
[BlackElo "994"]
[PlyCount "61"]
[EventDate "2006.05.25"]
[EventType "swiss"]
[EventRounds "9"]
[EventCountry "NED"]
[SourceTitle "EXT 2009"]
[Source "ChessBase"]
[SourceDate "2008.11.26"]
[SourceVersion "1"]
[SourceVersionDate "2008.11.26"]
[SourceQuality "1"]

1. e4 e5 2. Nf3 Nc6 3. d4 Bd6 4. d5 Nce7 5. Nc3 Nf6 6. g3 0-0 7. Bg2 Bb4 8. Bd2 Nxe4 9. Nxe4 Nxd5 10. 0-0 Bxd2 11. Qxd2 Nf6 12. Nxf6+ Qxf6 13. Qc3 d6 14. Qxc7 Bg4 15. Qxb7 Rab8 16. Qe4 Bxf3 17. Qxf3 Qe6 18. Qd5 Qc8 19. Qd3 Rxb2 20. Be4 Rd8 21. Bxh7+ Kf8 22. Rfc1 Qc5 23. Bf5 Qa5 24. Rd1 Rxa2 25. Rxa2 Qxa2 26. Qf3 Qxc2 27. Bxc2 Rc8 28. Bg6 f6 29. Rxd6 Ke7 30. Qd5 Rf8 31. Re6# 1-0

[Event "NED-ch U13 Girls"]
[Site "Rijswijk"]
[Date "2006.05.26"]
[Round "4"]
[White "Verheul, Bente"]
[Black "Schut, Lisa"]
[Result "0-1"]
[WhiteElo "1240"]
[BlackElo "1687"]
[PlyCount "48"]
[EventDate "2006.05.25"]
[EventType "swiss"]
[EventRounds "9"]
[EventCountry "NED"]
[SourceTitle "EXT 2009"]
[Source "ChessBase"]
[SourceDate "2008.11.26"]
[SourceVersion "1"]
[SourceVersionDate "2008.11.26"]
[SourceQuality "1"]

1. e4 c5 2. Nf3 d6 3. d4 cxd4 4. Nxd4 Nf6 5. Nc3 g6 6. Be3 Bg7 7. Bc4 Ng4 8. Bc1 Qb6 9. Be3 Nxe3 10. fxe3 Nc6 11. Qf3 Ne5 12. Qe2 Qxb2 13. Bb5+ Bd7 14. Kf2 Qxc3 15. Rab1 0-0 16. Nf3 Bxb5 17. Rxb5 Nxf3 18. Kxf3 b6 19. Rhb1 Rfc8 20. Rc1 Qc4 21. Qxc4 Rxc4 22. Ke2 Rac8 23. Kd3 Rc3+ 24. Kd2 Ra3 0-1

[Event "NED-ch U13 Girls"]
[Site "Rijswijk"]
[Date "2006.05.25"]
[Round "3"]
[White "Verheul, Bente"]
[Black "Ratsma, Rosa"]
[Result "1-0"]
[WhiteElo "1240"]
[BlackElo "1081"]
[PlyCount "41"]
[EventDate "2006.05.25"]
[EventType "swiss"]
[EventRounds "9"]
[EventCountry "NED"]
[SourceTitle "EXT 2009"]
[Source "ChessBase"]
[SourceDate "2008.11.26"]
[SourceVersion "1"]
[SourceVersionDate "2008.11.26"]
[SourceQuality "1"]

1. e4 e5 2. Nf3 Nc6 3. d4 exd4 4. Nxd4 Nxd4 5. Qxd4 Qe7 6. Nc3 Nf6 7. g3 Ng4 8. Bg2 Ne5 9. 0-0 d6 10. Nd5 Qd8 11. Qc3 Nc6 12. Bf4 Be7 13. Qxg7 Rf8 14. Qxh7 Be6 15. Bh6 f5 16. Bxf8 Bxf8 17. Nxc7+ Qxc7 18. Qxc7 Be7 19. exf5 Bxf5 20. Bxc6+ Kf7 21. Bd5+ 1-0

[Event "NED-ch U13 Girls"]
[Site "Rijswijk"]
[Date "2005.05.07"]
[Round "7"]
[White "Hondelink, Liesbeth"]
[Black "Verheul, Bente"]
[Result "1-0"]
[WhiteElo "1189"]
[BlackElo "1117"]
[PlyCount "69"]
[EventDate "2005.05.05"]
[EventType "swiss"]
[EventRounds "9"]
[EventCountry "NED"]
[SourceTitle "EXT 2013"]
[Source "ChessBase"]
[SourceDate "2012.11.22"]
[SourceVersion "1"]
[SourceVersionDate "2012.11.22"]
[SourceQuality "1"]

1. d4 d5 2. c4 Nf6 3. Nc3 e6 4. e3 Bd7 5. Nf3 Bb4 6. Bd2 0-0 7. a3 Be7 8. Bd3 Nc6 9. e4 dxe4 10. Nxe4 Re8 11. 0-0 a6 12. Qb3 Bc8 13. Be3 a5 14. a4 Nb4 15. Rfe1 Nxd3 16. Qxd3 e5 17. Nxe5 Bf5 18. Nxf6+ Bxf6 19. Qxf5 g6 20. Qf4 c5 21. Rad1 Qe7 22. Ng4 Bg7 23. h3 Qd7 24. d5 Bxb2 25. Rc1 Bxc1 26. Nf6+ Kh8 27. Nxd7 Bb2 28. Bxc5 Rxe1+ 29. Kh2 Rae8 30. Bd4+ Bxd4 31. Qxd4+ f6 32. Nxf6 Ra8 33. Ng4+ Kg8 34. Nh6+ Kf8 35. Qh8+ 1-0

[Event "NED-ch U13 Girls"]
[Site "Rijswijk"]
[Date "2005.05.06"]
[Round "5"]
[White "Kirana, Nancy"]
[Black "Verheul, Bente"]
[Result "1/2-1/2"]
[WhiteElo "1336"]
[BlackElo "1117"]
[PlyCount "93"]
[EventDate "2005.05.05"]
[EventType "swiss"]
[EventRounds "9"]
[EventCountry "NED"]
[SourceTitle "EXT 2013"]
[Source "ChessBase"]
[SourceDate "2012.11.22"]
[SourceVersion "1"]
[SourceVersionDate "2012.11.22"]
[SourceQuality "1"]

1. e4 c5 2. Nf3 Nc6 3. Nc3 d6 4. d4 cxd4 5. Nxd4 Bd7 6. Be3 Nf6 7. Bd3 e6 8. 0-0 Be7 9. h3 0-0 10. Nf3 Re8 11. Qd2 a6 12. a4 Rb8 13. Rfe1 Nb4 14. Bc4 Qc7 15. Bb3 Nc6 16. Rad1 b5 17. axb5 axb5 18. Bg5 h6 19. Bxf6 Bxf6 20. Qxd6 Qxd6 21. Rxd6 Rbd8 22. Red1 Re7 23. Rxc6 Bxc6 24. Rxd8+ Kh7 25. Rd1 b4 26. Ne2 Bxe4 27. Ng3 Bxf3 28. gxf3 Bxb2 29. Rb1 Bc3 30. Ne4 Kg6 31. Nxc3 bxc3 32. Rd1 Kg5 33. Rd4 Rc7 34. Rg4+ Kf6 35. Kf1 g6 36. Ke2 h5 37. Rc4 Rxc4 38. Bxc4 Kf5 39. Bd3+ Kg5 40. Kf1 Kf4 41. Kg2 h4 42. Be4 g5 43. Bd3 f6 44. Be2 e5 45. Kg1 e4 46. fxe4 Kxe4 47. Kg2 1/2-1/2